000 00792nam a2200241Ia 4500
003 IN-BaIIA
008 211028s9999 xx s 000 0 eng d
020 _a978-1-4614-2274-7 (Print)
020 _a978-1-4614-2275-4 (Online)
022 _a0067-0057 (Print)
022 _a2214-7985 (Online)
040 _cIIA Library
100 _aDavidson, Kris
_938802
245 0 _aEta Carinae and the Supernova Impostors
_h[eBook]
260 _aNew York
_bSpringer New York
_c2012
300 _aOnline resource
490 _aAstrophysics and Space Science Library
650 _a Astronomy, Astrophysics and Cosmology
_936176
650 _aPhysics
_973
700 _aHumphreys, Roberta M.
_938803
856 _uhttp://doi.org/10.1007/978-1-4614-2275-4
_yClick Here to Access eBook
942 _cEB
999 _c20900
_d20900